000 00580nam a2200217Ii 4500
003 JO-AjNU
008 230606s9999||||xx |||||||||||||| ||und||
020 _a978-0-19953
040 _aJO-AjNU
_beng
_erda
_cJO-AjNU
041 _aeng
050 1 4 _aPS1868.A2.H285 2008
100 3 _aHarding ,Braian,
_eauthor
_92663
245 0 0 _aNathaniel Hawthorne The Scarlet Letter
250 _a1 ed
264 3 1 _aOXFORD ,2008
300 _a226p
336 _atext
_btxt
_2rdacontent
337 _aunmediated
_bn
_2rdamedia
338 _avolume
_bnc
_2rdacarrier
650 4 _aSTORY
_92664
999 _aE1391
_c1391
_d1391